| 000 | 00347nam a2200145Ia 4500 | ||
|---|---|---|---|
| 008 | 150201s2009 xx 000 0 und d | ||
| 082 |
_a617.525 _bO2009T |
||
| 100 | _aTOPANZIAN | ||
| 245 | _aORAL & MAXILLOFACIAL INFECTION | ||
| 250 | _a4TH | ||
| 260 |
_bELSEVIER _aDELHI _c2009 |
||
| 300 | _a1-524 | ||
| 650 | _aORAL SURGERY | ||
| 942 |
_2ddc _cBK _02 |
||
| 999 |
_c4430 _d4430 |
||